Statistics for Star Wars The Force Awakens Quiz

Click here to take the quiz!

General Stats

  • This quiz has been taken 13 times
  • The average score is 11 of 15

Answer Stats

HintAnswer% Correct
actress who plays reydaisy ridley
100%
actor who plays finnjohn boyega
88%
orange and white droid that has part of the map that leads to Luke SkywalkerBB-8
75%
han solo's son's nameben
75%
captain of the first ordercaptain phasma
75%
genral of the first ordergeneral hux
75%
planet where rey is fromjakku
75%
what he is calledkylo ren
75%
leader of takodanamaz kanata
75%
what color is C3PO's right armred
75%
what is the name of the first order's weaponstarkiller base
75%
supreme leader of the first ordersupreme leader snoke
75%
finn's stormtrooper numberfn2187
63%
what Han Solo is hauling on his shiprathtars
50%
actor who plays poe dameronoscar issac
25%

Score Distribution

Percentile by Number Answered

Percent of People with Each Score

Your Score History

You have not taken this quiz